书目信息 |
| 题名: |
模拟滤波器与电路设计手册
|
|
| 作者: | 威廉姆斯 著 ;路秋生 译 | |
| 分册: | ||
| 出版信息: | 北京 电子工业出版社 2016.1 |
|
| 页数: | 16,471页 | |
| 开本: | 26cm | |
| 丛书名: | 国外信息技术精品丛书 | |
| 单 册: | ||
| 中图分类: | TN713 | |
| 科图分类: | ||
| 主题词: | 模拟滤波器--电路设计 | |
| 电子资源: | ||
| ISBN: | 978-7-121-27938-6 | |
| 000 | 01358nam 2200301 450 | |
| 001 | 0400005941 | |
| 005 | 20171031145612.0 | |
| 010 | @a978-7-121-27938-6@dCNY98.00 | |
| 100 | @a20160224d2016 em y0chiy50 ea | |
| 101 | 1 | @achi@ceng |
| 102 | @aCN@b110000 | |
| 105 | @aa z 000yy | |
| 106 | @ar | |
| 200 | 1 | @a模拟滤波器与电路设计手册@Amo ni lv bo qi yu dian lu she ji shou ce@b专著@dAnalog filter and circuit design handbook@f(美)Arthur B. Williams著@g路秋生译@zeng |
| 210 | @a北京@c电子工业出版社@d2016.1 | |
| 215 | @a16,471页@c图@d26cm | |
| 225 | 2 | @a国外信息技术精品丛书 |
| 306 | @a由麦格劳-希尔教育出版公司和电子工业出版社合作出版 | |
| 306 | @a本书限中国大陆发行 | |
| 330 | @a本书共分19章,分别对各种有源、无源滤波器的设计、滤波器计算机辅助设计、滤波器响应的数学特性、线性电路、非线性电路、预失真电路、阻抗变换、开关电容滤波器、幅度均衡器、延迟均衡、波形产生与变换、反馈放大器和大信号输出放大器、功率放大器的散热设计、扬声器分频网络、电压反馈、电流反馈放大器工作特性等内容做了分析讨论。 | |
| 410 | 0 | @12001 @a国外信息技术精品丛书 |
| 510 | 1 | @aAnalog filter and circuit design handbook@zeng |
| 606 | 0 | @a模拟滤波器@x电路设计 |
| 690 | @aTN713@v5 | |
| 701 | 0 | @c(美)@a威廉姆斯@Awei lian mu si@c(Williams, Arthur B.)@4著 |
| 702 | 0 | @a路秋生@Alu qiu sheng@4译 |
| 801 | 0 | @aCN@b上海新华@c20171031 |
| 905 | @b1023675-9@dTN713@e348@f5 | |
| 模拟滤波器与电路设计手册=Analog filter and circuit design handbook/(美)Arthur B. Williams著/路秋生译.-北京:电子工业出版社,2016.1 |
| 16,471页:图;26cm.-(国外信息技术精品丛书) |
| ISBN 978-7-121-27938-6:CNY98.00 |
| 本书共分19章,分别对各种有源、无源滤波器的设计、滤波器计算机辅助设计、滤波器响应的数学特性、线性电路、非线性电路、预失真电路、阻抗变换、开关电容滤波器、幅度均衡器、延迟均衡、波形产生与变换、反馈放大器和大信号输出放大器、功率放大器的散热设计、扬声器分频网络、电压反馈、电流反馈放大器工作特性等内容做了分析讨论。 |
| ● |
| 相关链接 |
|
|
|
|
正题名:模拟滤波器与电路设计手册
索取号:TN713/348
 
预约/预借
| 序号 | 登录号 | 条形码 | 馆藏地/架位号 | 状态 | 备注 |
| 1 | 1023675 | 210236751 | 第二样本阅览室/ [索取号:TN713/348] | 在馆 | |
| 2 | 1023676 | 210236760 | 第三借阅区/ [索取号:TN713/348] | 在馆 | |
| 3 | 1023677 | 210236779 | 第三借阅区/ [索取号:TN713/348] | 在馆 | |
| 4 | 1023678 | 210236788 | 密集书库-物理学院/ [索取号:TN713/348] | 在馆 | |
| 5 | 1023679 | 210236797 | 第三借阅区/ [索取号:TN713/348] | 在馆 |